| 000 | 00000nam 2200000za 4500 |
| 001 | 9.847011 |
| 003 | CaOODSP |
| 005 | 20221107153336 |
| 007 | cr ||||||||||| |
| 008 | 171110s1989 onc |o f|0| 0 fre d |
| 040 | |aCaOODSP|bfre |
| 043 | |an-cn--- |
| 086 | 1 |aCS11-0019/24F-PDF |
| 100 | 1 |aJohnson, Richard. |
| 245 | 10|aAméliorations apportées au SAS de l'ordinateur central en vue de faciliter l'analyse exploratoire des données |h[ressource électronique] / |cpar Richard Johnson et Jane F. Gentleman. |
| 260 | |a[Ottawa] : |bStatistique Canada, |c1989. |
| 300 | |a[62] p. |
| 490 | 0 |aDocuments de recherche ; |vno. 24 |
| 500 | |aPubl. aussi en anglais sous le titre : Mainframe SAS enhancements in support of exploratory data analysis. |
| 500 | |aÉdition numérisée de l'imprimé [par Statistique Canada]. |
| 504 | |aComprend des références bibliographiques. |
| 520 | |a« Ce manuel contient la description du logiciel informatique développé à Statistique Canada aux fins de l'analyse exploratoire des données. Le nouveau logiciel comprend une variété de fonctions et de macro-instructions SAS, l'accent étant mis sur le traitement graphique. »--Résumé. |
| 692 | 07|2gccst|aLogiciel |
| 700 | 1 |aGentleman, Jane F., |d1940- |
| 710 | 2 |aStatistique Canada. |bDirection des études analytiques. |
| 775 | 08|tMainframe SAS enhancements in support of exploratory data analysis |w(CaOODSP)9.846996 |
| 830 | #0|aDocuments de recherche (Statistique Canada. Direction des études analytiques)|vno 24|w(CaOODSP)9.500842 |
| 856 | 40|qPDF|s4.77 Mo|uhttps://publications.gc.ca/collections/collection_2017/statcan/11f0019m/CS11-0019-24-fra.pdf |